<?xml version="1.0" encoding="UTF-8"?>
<record
    xmlns:xsi="http://www.w3.org/2001/XMLSchema-instance"
    xsi:schemaLocation="http://www.loc.gov/MARC21/slim http://www.loc.gov/standards/marcxml/schema/MARC21slim.xsd"
    xmlns="http://www.loc.gov/MARC21/slim">

  <leader>01603nam a22002537a 4500</leader>
  <controlfield tag="008">251013b        |||||||| |||| 00| 0 eng d</controlfield>
  <datafield tag="020" ind1=" " ind2=" ">
    <subfield code="a">9781509553846</subfield>
  </datafield>
  <datafield tag="040" ind1=" " ind2=" ">
    <subfield code="c">tbs</subfield>
  </datafield>
  <datafield tag="041" ind1=" " ind2=" ">
    <subfield code="a">eng</subfield>
  </datafield>
  <datafield tag="050" ind1=" " ind2=" ">
    <subfield code="a">TT507 </subfield>
    <subfield code="b">.M37 2023</subfield>
  </datafield>
  <datafield tag="100" ind1=" " ind2=" ">
    <subfield code="a">McRobbie, Angela</subfield>
    <subfield code="9">26082</subfield>
    <subfield code="e">author</subfield>
  </datafield>
  <datafield tag="245" ind1=" " ind2=" ">
    <subfield code="a">Fashion as creative economy</subfield>
    <subfield code="b">: microenterprises in London, Berlin and Milan</subfield>
    <subfield code="c">/ Angela McRobbie, Daniel Strutt and Carolina Bandinelli.</subfield>
  </datafield>
  <datafield tag="260" ind1=" " ind2=" ">
    <subfield code="a">Cambridge ; Hoboken, NJ : </subfield>
    <subfield code="b">Polity Press,</subfield>
    <subfield code="c">2023.</subfield>
  </datafield>
  <datafield tag="300" ind1=" " ind2=" ">
    <subfield code="a">vii, 195 pages : </subfield>
    <subfield code="b">illustrations ; </subfield>
    <subfield code="c">22 cm.</subfield>
  </datafield>
  <datafield tag="504" ind1=" " ind2=" ">
    <subfield code="a">Includes bibliographical references and index.</subfield>
  </datafield>
  <datafield tag="520" ind1=" " ind2=" ">
    <subfield code="a">This book contributes to a new sociology of fashion. Focusing on the working lives of independent designers and drawing on ethnographic research and interviews carried out in London, Berlin and Milan, the authors consider the urban policy regimes in place in these cities. They analyse how these regimes shape the microenterprises and the emerging political economy, as well as the structures needed for designers to flourish. They also develop several key concepts - the "milieu of fashion labour", "social fashion" and "fashion diversity - and chart the new world of digital fashion-tech and e-commerce.</subfield>
  </datafield>
  <datafield tag="650" ind1=" " ind2="0">
    <subfield code="a">Fashion</subfield>
    <subfield code="x">Economic aspects</subfield>
    <subfield code="z">London (England)</subfield>
    <subfield code="9">26083</subfield>
  </datafield>
  <datafield tag="650" ind1=" " ind2="0">
    <subfield code="a">Clothing trade</subfield>
    <subfield code="z">London (England)</subfield>
    <subfield code="9">26084</subfield>
  </datafield>
  <datafield tag="650" ind1=" " ind2="0">
    <subfield code="a">Fashion</subfield>
    <subfield code="x">Economic aspects </subfield>
    <subfield code="z">Berlin (Germany)</subfield>
    <subfield code="9">26085</subfield>
  </datafield>
  <datafield tag="650" ind1=" " ind2="0">
    <subfield code="a">Clothing trade</subfield>
    <subfield code="z">Berlin (Germany)</subfield>
    <subfield code="9">26086</subfield>
  </datafield>
  <datafield tag="650" ind1=" " ind2="0">
    <subfield code="a">Fashion</subfield>
    <subfield code="x">Economic aspects</subfield>
    <subfield code="z">Milan (Italy)</subfield>
    <subfield code="9">26087</subfield>
  </datafield>
  <datafield tag="650" ind1=" " ind2="0">
    <subfield code="a">Clothing trade</subfield>
    <subfield code="z">Milan (Italy)</subfield>
    <subfield code="9">26088</subfield>
  </datafield>
  <datafield tag="942" ind1=" " ind2=" ">
    <subfield code="2">lcc</subfield>
  </datafield>
  <datafield tag="952" ind1=" " ind2=" ">
    <subfield code="0">0</subfield>
    <subfield code="1">0</subfield>
    <subfield code="2">lcc</subfield>
    <subfield code="4">0</subfield>
    <subfield code="7">0</subfield>
    <subfield code="a">TBS</subfield>
    <subfield code="b">TBS</subfield>
    <subfield code="d">2025-10-13</subfield>
    <subfield code="l">0</subfield>
    <subfield code="o">TT507 MCR</subfield>
    <subfield code="p">B05858</subfield>
    <subfield code="r">2025-10-13</subfield>
    <subfield code="t">1</subfield>
    <subfield code="w">2025-10-13</subfield>
    <subfield code="y">1</subfield>
  </datafield>
  <datafield tag="999" ind1=" " ind2=" ">
    <subfield code="c">5025</subfield>
    <subfield code="d">5025</subfield>
  </datafield>
</record>
